Statistics for 2016 NFL regular season stat leaders

Click here to take the quiz!

General Stats

  • This quiz has been taken 69 times
  • The average score is 3 of 6

Answer Stats

Hint Answer % Correct
passing leaderDrew Brees
90%
rushing leaderEzekiel Elliott
81%
receiving leaderTY Hilton
46%
most sacksVic Beasley
32%
most tacklesBobby Wagner
29%
most interceptionsCasey Hayward
27%

Score Distribution

Percentile by Number Answered

Percent of People with Each Score

Your Score History

You have not taken this quiz